000 00507nam a2200193 a 4500
001 1757824957321
003 YourLibrary
005 20250915121406.0
008 250914s1988##################000#0#eng##
020 _a9780393307092
082 0 4 _a150.195
_bMIL
100 1 _aLacan, Jacques,
_eauthor.
245 1 0 _aThe Seminar of Jacques Lacan :
260 _bW. W. Norton & Company,
_c1988.
300 _a364 pages
650 0 _aPsychology.
942 _cENGLISH
040 _aYourLibrary
_beng
_cYourLibrary
999 _c587033
_d587033